000 00565nam a22001937a 4500
003 OSt
008 260430b |||||||| |||| 00| 0 eng d
082 _a635.63
_bM29M
100 _aMandal, Gobardhan.
245 _aManifestation of Heterosis and Seasonal Adaptability in Cucumber (Cucumis sativus L.)
_cby Gobardhan Mandal
260 _a.- Sabour, Bhagalpur
_b: Bihar Agricultural College, RAU
_c, 1990
300 _a137p.
502 _bPh. D.
_d1990
650 _aHorticulture
650 _aCucumber
650 _aThesis
650 _aPh. D.
942 _2ddc
_cT
999 _c50316
_d50316